000 01202nam0a22002531 4500
001 rc\3484995
005 20260407141944.0
021 _aRU
_b[71-14444]
035 _a(NLR Aleph) 007646436
090 _a6181758
_c6181758
100 _a20130115g19701971|||y0rusy50 ca
101 0 _arus
102 _aRU
105 _aa z |||||
200 1 _aНовое в технологии и технике хлебопекарного производства
_eОбзор
_e[Сборник статей]
_fЦентр. науч.-исслед. ин-т информации и техн.-экон. исследований пищевой пром-сти М-ва пищевой пром-сти СССР
210 _aМосква
_cБ. и.
_d1970 [вып. дан. 1971]
215 _a47 с.
_cчерт.
_d21
606 _aХлебопекарное производство
_jСборники
_2psbo
712 0 2 _aЦНИИ информации и технико-экономических исследований пищевой промышленности
_cМосква
_3RU\NLR\AUTH\8810010937
_9519549
801 0 _aRU
_bNLR
_gpsbo
801 1 _aRU
_bELAR
_2rusmarc
852 _aNLR
_j71-6/1458
942 _cBOOK
980 _aNB